<Der> Mitarbeiter <Ein> Lehrbuch für Personalführung, Betriebssoziologie und Arbeitsrecht
Guardado en:
| Autor principal: | |
|---|---|
| Formato: | Libro |
| Lenguaje: | alemán |
| Publicado: |
Berlin
Cornelsen Girardet
1994
|
| Edición: | 8. erw. und aktualisierte Aufl. |
| Materias: | |
| Etiquetas: |
Sin Etiquetas, Sea el primero en etiquetar este registro!
|
MARC
| LEADER | 00000nam a2200000 4500 | ||
|---|---|---|---|
| 001 | c012055 | ||
| 005 | 20221205140814.8 | ||
| 020 | |a 3-464-49104-8 | ||
| 041 | 0 | |a ger | |
| 044 | |a DE | ||
| 245 | 1 | 0 | |a <Der> Mitarbeiter |b <Ein> Lehrbuch für Personalführung, Betriebssoziologie und Arbeitsrecht |c Heinz G. Golas |
| 250 | |a 8. erw. und aktualisierte Aufl. | ||
| 264 | 1 | |a Berlin |b Cornelsen Girardet |c 1994 | |
| 300 | |a 256 s. | ||
| 610 | 2 | 0 | |a personalistika |
| 610 | 2 | 0 | |a podnik |
| 610 | 2 | 0 | |a sociológia organizácie |
| 610 | 2 | 0 | |a právo pracovné |
| 610 | 2 | 0 | |a pracovníci riadiaci |
| 610 | 2 | 0 | |a konflikty |
| 610 | 2 | 0 | |a systémy sociálne |
| 610 | 2 | 0 | |a pracovníci vedúci |
| 610 | 2 | 0 | |a manažment |
| 610 | 2 | 0 | |a spolupracovníci |
| 610 | 2 | 0 | |a štúdie prípadové |
| 610 | 2 | 0 | |a vzdelávanie |
| 100 | 1 | |a Golas, Heinz G. | |